[Event "POL-ch Blitz U18"]
[Site "Bydgoszcz"]
[Date "2023.08.31"]
[Round "7"]
[White "Mazgaj, Bartosz"]
[Black "Mrozowski, Nikodem"]
[Result "0-1"]
[WhiteElo "1205"]
[BlackElo "1288"]
[PlyCount "61"]
[EventDate "2023.08.28"]
[EventType "swiss"]
[EventRounds "10"]
[EventCountry "POL"]
[SourceTitle "EXT 2024"]
[Source "ChessBase"]
[SourceDate "2023.10.10"]
[SourceVersion "1"]
[SourceVersionDate "2023.10.10"]
[SourceQuality "1"]

1. e4 c5 2. Nf3 d6 3. d4 cxd4 4. Nxd4 Nf6 5. Nc3 Nc6 6. Be3 Ng4 7. Nxc6 bxc6 8. Bf4 Qb6 9. Qd2 Nxf2 10. Be3 Nxe4 11. Bxb6 Nxd2 12. Bxa7 Nxf1 13. Bf2 Ba6 14. Ne2 Bxe2 15. Kxe2 Nxh2 16. Rxh2 g6 17. Bd4 e5 18. Bc3 Bg7 19. Rd1 d5 20. a3 0-0 21. Rh4 d4 22. Bb4 Rfc8 23. c3 c5 24. Bxc5 Rxc5 25. cxd4 exd4 26. Kd3 Rb8 27. b4 Rc3+ 28. Ke4 Rxa3 29. Rb1 Ra4 30. b5 d3+ 31. Kxd3 0-1

[Event "POL-ch Rapid U18"]
[Site "Bydgoszcz"]
[Date "2023.08.29"]
[Round "5"]
[White "Mazgaj, Bartosz"]
[Black "Brzezina, Pawel"]
[Result "0-1"]
[WhiteElo "1363"]
[BlackElo "1492"]
[PlyCount "56"]
[EventDate "2023.08.28"]
[EventType "swiss"]
[EventRounds "11"]
[EventCountry "POL"]
[SourceTitle "EXT 2024"]
[Source "ChessBase"]
[SourceDate "2023.10.10"]
[SourceVersion "1"]
[SourceVersionDate "2023.10.10"]
[SourceQuality "1"]

1. e4 e5 2. Bc4 Nc6 3. Nf3 Bc5 4. 0-0 Nf6 5. d3 h6 6. c3 d6 7. Re1 0-0 8. Nbd2 Bb6 9. Nf1 Be6 10. Bb3 Ne7 11. Ng3 Ng6 12. d4 Bg4 13. dxe5 dxe5 14. Be3 Bxe3 15. Rxe3 Qxd1+ 16. Bxd1 Rfd8 17. Be2 Bxf3 18. Bxf3 Rd2 19. Re2 Rad8 20. Rae1 Rxe2 21. Rxe2 Rd1+ 22. Nf1 Nh4 23. Rd2 Nxf3+ 24. gxf3 Rb1 25. Kg2 Nh5 26. Ne3 Nf4+ 27. Kg3 Rg1+ 28. Kh4 g5# 0-1

[Event "POL-ch U10"]
[Site "Sielpia"]
[Date "2023.03.11"]
[Round "9"]
[White "Mazgaj, Bartosz"]
[Black "Ejsymont, Eryk"]
[Result "0-1"]
[WhiteElo "1094"]
[BlackElo "1403"]
[PlyCount "84"]
[EventDate "2023.03.04"]
[EventType "swiss"]
[EventRounds "9"]
[EventCountry "POL"]
[SourceTitle "EXT 2024"]
[Source "ChessBase"]
[SourceDate "2023.10.10"]
[SourceVersion "1"]
[SourceVersionDate "2023.10.10"]
[SourceQuality "1"]
[WhiteTeam "Poland"]
[BlackTeam "Poland"]
[WhiteTeamCountry "POL"]
[BlackTeamCountry "POL"]

1. e4 c5 2. Nf3 e6 3. g3 d5 4. exd5 exd5 5. d4 Nc6 6. Bg2 cxd4 7. 0-0 Bc5 8. Nbd2 Nge7 9. Nb3 Bb6 10. Nbxd4 Bg4 11. Nxc6 bxc6 12. c3 0-0 13. Qa4 Bf5 14. Nd4 Bd7 15. Qd1 Nf5 16. Nxf5 Bxf5 17. Re1 Qf6 18. Be3 Rfe8 19. Qd2 Be4 20. Bxe4 Bxe3 21. Rxe3 dxe4 22. Rae1 Qg6 23. f3 f5 24. fxe4 Rxe4 25. Qc2 Rae8 26. Qd2 Qe6 27. Rxe4 fxe4 28. b3 e3 29. Qd3 Kh8 30. Kg2 h6 31. Kf3 Rf8+ 32. Kg2 Rf2+ 33. Kg1 Qh3 34. Qd8+ Kh7 35. Qd3+ g6 36. Qd7+ Qxd7 37. Rxe3 Rxa2 38. Re1 Qd2 39. Re7+ Kg8 40. Re8+ Kf7 41. Re2 Qxe2 42. c4 Qg2# 0-1

[Event "POL-ch U10"]
[Site "Sielpia"]
[Date "2023.03.08"]
[Round "6"]
[White "Mazgaj, Bartosz"]
[Black "Olejko, Wojciech"]
[Result "1/2-1/2"]
[WhiteElo "1094"]
[BlackElo "1273"]
[PlyCount "78"]
[EventDate "2023.03.04"]
[EventType "swiss"]
[EventRounds "9"]
[EventCountry "POL"]
[SourceTitle "EXT 2024"]
[Source "ChessBase"]
[SourceDate "2023.10.10"]
[SourceVersion "1"]
[SourceVersionDate "2023.10.10"]
[SourceQuality "1"]
[WhiteTeam "Poland"]
[BlackTeam "Poland"]
[WhiteTeamCountry "POL"]
[BlackTeamCountry "POL"]

1. e4 c6 2. Nc3 d5 3. Nf3 dxe4 4. Nxe4 Nf6 5. Qe2 Nxe4 6. Qxe4 Qd5 7. Qxd5 cxd5 8. d4 Bf5 9. c3 Nc6 10. Bf4 e6 11. 0-0-0 Be7 12. h3 h5 13. Bd3 Bxd3 14. Rxd3 0-0-0 15. Ne5 Nxe5 16. Bxe5 Bf6 17. f4 Rh6 18. Bxf6 Rxf6 19. Rf1 Rg6 20. Rf2 Kd7 21. Rdf3 f5 22. h4 Rg4 23. g3 Rf8 24. Kc2 Rf6 25. Re3 Rf8 26. Rfe2 Rg6 27. b3 Rc8 28. Kd3 b5 29. Rc2 a5 30. Rc1 Rf6 31. Rc2 Rg6 32. Rc1 Rc6 33. Rc2 Rf6 34. Re1 Rg6 35. Re3 Rf6 36. Re1 Rg6 37. Re3 Rf6 38. Re1 Rg6 39. Re3 Rf6 1/2-1/2

[Event "POL-ch U10"]
[Site "Sielpia"]
[Date "2023.03.06"]
[Round "4"]
[White "Janeczek, Maksymilian"]
[Black "Mazgaj, Bartosz"]
[Result "0-1"]
[WhiteElo "1250"]
[BlackElo "1094"]
[PlyCount "58"]
[EventDate "2023.03.04"]
[EventType "swiss"]
[EventRounds "9"]
[EventCountry "POL"]
[SourceTitle "EXT 2024"]
[Source "ChessBase"]
[SourceDate "2023.10.10"]
[SourceVersion "1"]
[SourceVersionDate "2023.10.10"]
[SourceQuality "1"]
[WhiteTeam "Poland"]
[BlackTeam "Poland"]
[WhiteTeamCountry "POL"]
[BlackTeamCountry "POL"]

1. e4 e6 2. d4 d5 3. exd5 exd5 4. Nf3 Nf6 5. Bd3 Bd6 6. Bg5 0-0 7. 0-0 h6 8. Bh4 Bg4 9. Re1 Nbd7 10. Nbd2 c6 11. c3 Qc7 12. Qc2 Rfe8 13. a4 a5 14. h3 Bxf3 15. Nxf3 Rxe1+ 16. Rxe1 c5 17. Bxf6 Nxf6 18. dxc5 Bxc5 19. Nd2 Qb6 20. Nb3 Bxf2+ 21. Qxf2 Qxb3 22. Bb5 Ne4 23. Qb6 Qxb2 24. Qxb7 Qf2+ 25. Kh2 Qg3+ 26. Kg1 Qxe1+ 27. Kh2 Qg3+ 28. Kg1 Qb8 29. Qe7 Qa7+ 0-1

[Event "POL-ch U10"]
[Site "Jastrzebia Gora"]
[Date "2022.03.12"]
[Round "5"]
[White "Janeczek, Maksymilian"]
[Black "Mazgaj, Bartosz"]
[Result "1/2-1/2"]
[WhiteElo "1135"]
[BlackElo "1055"]
[PlyCount "60"]
[EventDate "2022.03.08"]
[EventType "swiss"]
[EventRounds "9"]
[EventCountry "POL"]
[SourceTitle "EXT 2023"]
[Source "ChessBase"]
[SourceDate "2022.10.05"]
[SourceVersion "1"]
[SourceVersionDate "2022.10.05"]
[SourceQuality "1"]

1. e4 c5 2. Nf3 Nc6 3. d4 cxd4 4. Nxd4 g6 5. Nc3 Bg7 6. Be3 Nf6 7. Bc4 0-0 8. 0-0 Nxe4 9. Bxf7+ Rxf7 10. Nxe4 h6 11. Nxc6 bxc6 12. c3 Qc7 13. Qc2 d6 14. Ng3 Bf5 15. Nxf5 Rxf5 16. Qe4 Raf8 17. Qe6+ Kh7 18. Rfe1 R8f6 19. Qb3 Re5 20. Bd4 Rb5 21. Qa3 Ra5 22. Qb3 Rb5 23. Qc2 Rf7 24. Re6 Rbf5 25. Bxg7 Kxg7 26. g3 Qb6 27. Rf1 R5f6 28. Rxf6 Rxf6 29. Re1 e5 30. Re4 Qc7 1/2-1/2

[Event "POL-ch U10"]
[Site "Jastrzebia Gora"]
[Date "2022.03.12"]
[Round "4"]
[White "Radzimski, Antoni"]
[Black "Mazgaj, Bartosz"]
[Result "1-0"]
[WhiteElo "1695"]
[BlackElo "1055"]
[PlyCount "137"]
[EventDate "2022.03.08"]
[EventType "swiss"]
[EventRounds "9"]
[EventCountry "POL"]
[SourceTitle "EXT 2023"]
[Source "ChessBase"]
[SourceDate "2022.10.05"]
[SourceVersion "1"]
[SourceVersionDate "2022.10.05"]
[SourceQuality "1"]

1. e4 c5 2. Nf3 Nc6 3. d4 cxd4 4. Nxd4 g6 5. Nc3 Bg7 6. Be3 Nf6 7. Bc4 Qa5 8. 0-0 0-0 9. h3 d6 10. Bb3 Bd7 11. Re1 Rfc8 12. Nd5 Nxd5 13. exd5 Ne5 14. Qe2 f5 15. Bd2 Qc7 16. Bc3 f4 17. Nc6 bxc6 18. Bxe5 Bxe5 19. Qxe5 dxe5 20. d6+ Kg7 21. dxc7 Kf6 22. Re2 Rxc7 23. Rae1 Be6 24. Bxe6 Kxe6 25. Rxe5+ Kf6 26. Re6+ Kf7 27. R6e4 g5 28. h4 h6 29. Re5 Kf6 30. Re6+ Kg7 31. Rxe7+ Rxe7 32. Rxe7+ Kf6 33. Rc7 Rd8 34. Rxc6+ Kf5 35. hxg5 hxg5 36. Rc5+ Kg4 37. f3+ Kh4 38. b3 g4 39. fxg4 Kxg4 40. Rc3 Rf8 41. Kf2 Kf5 42. Kf3 Rg8 43. Rc5+ Ke6 44. Kxf4 Rxg2 45. a4 Kd6 46. Rc8 Kd5 47. Ke3 Rg6 48. Rc7 a6 49. Kd2 Rg2+ 50. Kc3 Rg3+ 51. Kb4 Rg4+ 52. c4+ Kd6 53. Ra7 a5+ 54. Rxa5 Rg8 55. Rb5 Kc7 56. a5 Rb8 57. Rxb8 Kxb8 58. Kb5 Ka7 59. c5 Kb7 60. c6+ Kb8 61. a6 Kc7 62. a7 Kd8 63. a8Q+ Ke7 64. c7 Kf6 65. c8Q Ke7 66. Qd8+ Ke6 67. Qe4+ Kf7 68. Qde7+ Kg8 69. Qa8# 1-0